00759 a2200253 45000010006000000050017000060080041000230030015000640400040000790800048001192450047001672640033002143000018002470410008002659420007002735900036002801000020003167000035003367000021003717000026003927000027004187000045004459990015004904120620260407155706.0260407a2001 arg spa dAR-UNSa-BCEJYS aAR-UNSa-BCEJYSbspacAR-UNSa-BCEJYS a347.7xDerecho Mercantil. Derecho Comercial10aEl régimen penal en el derecho comercial 1aBuenos Aires :bAD-HOCc2001 a47 p.c23 cm. aspa cBK aniveau_biblio:m niveau_hierar:01 aBaigún, David1 aKemelmajer de Carlucci, Aída1 aPalmero, Juan C.1 aRouillon, Adolfo A.N.1 aKleidermacher, Arnoldo1 aInstituto Argentino de Derecho Comercial c3420d3420